Interpretovanie modelov strojového učenia pomocou Shapleyho hodnôt

Interpretovateľnosť modelov umelej inteligencie a strojového učenia sa stáva kľúčovou témou v dôsledku rozšíreného využívania týchto modelov v citlivých oblastiach, ako sú finančníctvo a zdravotníctvo, kedy nie je možné pozerať na modely iba ako na tzv. čierne skrinky. Preto sa zdôrazňuje potreba in...

Ausführliche Beschreibung

Gespeichert in:
Bibliographische Detailangaben
1. Verfasser: Bogár, Michal, 1998-
Format: Buchkapitel
Sprache:Slowakisch
Schlagworte:
Tags: Tag hinzufügen
Keine Tags, Fügen Sie das erste Tag hinzu!

MARC

LEADER 00000naa$a2200000$$$4500
001 0305472
005 20241205211101.9
041 0 |a slo 
044 |a SK 
245 1 0 |a Interpretovanie modelov strojového učenia pomocou Shapleyho hodnôt  |c Michal Bogár 
520 |a Interpretovateľnosť modelov umelej inteligencie a strojového učenia sa stáva kľúčovou témou v dôsledku rozšíreného využívania týchto modelov v citlivých oblastiach, ako sú finančníctvo a zdravotníctvo, kedy nie je možné pozerať na modely iba ako na tzv. čierne skrinky. Preto sa zdôrazňuje potreba interpretácie modelov najmä tam, kde môže ich zlyhanie viesť k vážnym negatívnym dopadom. Jednou z účinných techník interpretácie sú Shapleyho hodnoty, ktoré vychádzajú z teórie hier a určujú vplyv jednotlivých premenných na výsledok modelu. 
610 2 0 |a učenie strojové 
610 2 0 |a hodnota 
610 2 0 |a inteligencia umelá 
610 2 0 |a modely 
610 2 0 |a financie 
610 2 0 |a zdravotníctvo 
100 1 |a Bogár, Michal, 1998-